000 00640nam a2200229Ia 4500
003 OSt
005 20220926011210.0
006 a|||||r|||| 00| 0
007 ta
008 220923b |||||||| |||| 00| 0 eng d
037 _cGeneral Book
040 _aRTL
_cRTL
_beng
041 _2eng
_aeng
082 _aXA,65291.73.N6, K7
100 _aEnke Stephen Ed.
_9313703
245 0 _aDefence management
260 _aNew Jersey
_bPrentice-Hall
_c1967
300 _axiii,385p.
_ccm.
650 _aWar Economics
_9233725
942 _hXA,65291.73.N6, K7
_cGB
_2CC
999 _c619336
_d619336